00321nam a2200121Ia 4500008004100000041000800041082001500049100001300064245002700077260005100104300003300155365001100188240624s9999 xx 000 0 und d aeng a344.01 PUR aPURI S D aMINIMUM WAGES ACT 1948 c2008aMumbaibSnow White Publication Pvt. Ltd. axxxvi, : 284 : p. : cm. ; 24 cRSb15